| 000 | 00962nam a2200241 i 4500 | ||
|---|---|---|---|
| 001 | 15738 | ||
| 003 | ES-MaACL | ||
| 005 | 20230906151137.0 | ||
| 007 | t| | ||
| 008 | 000505s1989 sp |||| | spa d | ||
| 020 | _a84-87136-08-7 | ||
| 080 | _a860(460.288)-13.09 | ||
| 100 | 1 |
_aMendoza Díaz-Maroto, Francisco. _980259 |
|
| 245 | 1 | 0 |
_aIntroducción al romancero oral en la provincia de Albacete / _cFrancisco Mendoza Díaz-Maroto. |
| 260 |
_aAlbacete : _bInstituto de Estudios Albacetenses de la Diputación, CSIC, Confederación Española de Centros de Estudios Locales, _c1989. |
||
| 300 |
_a418 p., [10] p. ; _c22 cm. |
||
| 490 | 1 |
_aSerie I--Ensayos históricos y científicos ; _v44 |
|
| 650 | 1 | 4 |
_aRomances- _zAlbacete (Provincia)- _xHistoria y crítica. _916933 |
| 710 | 2 |
_aInstituto de Estudios Albacetenses. _94884 |
|
| 830 | 0 |
_aSerie I--Ensayos históricos y científicos ; _v44 _9179816 |
|
| 852 |
_aES-MaACL _jL-23029 |
||
| 999 |
_c15738 _d15738 |
||